Quizzes
Events
Quiz Creation
Community
Videos
Private Events
Remove Ads
Sign In
Join for FREE
Feedback
Dark Mode
Quiz Categories
Sports
Geography
Music
Movies
Television
Just For Fun
Miscellaneous
History
Literature
Language
Science
Gaming
Entertainment
Religion
Holiday
For Kids
Quiz Lab
Recent
Popular Today
Quiz Kudos Today
Editor Picks
Curator Picks
Quizzes by...
Day
Popularity
Type
Ratings
Length
Year
Community
Subscriptions
Recent Discussions
Orange Saloon
Badges
Playlists
Quests
Create
Leaderboards
Showdown
Live 5
Trivia Bingo
Activity
Puzzle Library
Sporcle Events
Private Events
Virtual Trivia
Globe League
Become a Host
Pub Owners
SporcleCon
Opinionation
Our Games
Videos
Blog
Mobile Apps
Partnerships
Remove Ads and Go Orange
Feedback
Sports
Athletes
MLB
NBA
NHL
NFL
Soccer
Sports Teams
WWE
NCAA
Football
Premier League
Basketball
Baseball
Hockey
Golf
Tennis
Cricket
Rugby
Auto Racing
Olympics
World Cup
Sports
Athletes
MLB
NBA
NHL
NFL
Soccer
Sports Teams
WWE
NCAA
Football
Premier League
Basketball
Baseball
Hockey
Golf
Tennis
Cricket
Rugby
Auto Racing
Olympics
World Cup
Random Quiz
Search Sporcle
×
Quiz Lab
Quiz Lab
Sports
Numbers
Type in answers that appear in a list
Type in answers that appear in a list
Classic
Best Score? Go Orange.
UFC Main Events/Event # Stats
Can you name the UFC Main Events/Event #?
By
TKO1890
5m
25 Questions
166 Plays
166 Plays
166 Plays
Comments
Comments
Give Quiz Kudos
Give Quiz Kudos
-
- Ratings
hide this ad
Replay
Link that replays current quiz
Next Quiz
Link to next quiz in quiz playlist
You Got
0%
They Got
Avg Score
90%
Avg Friend Score
Upgrade to see
Score Distribution
Jump to the score distribution portion of the page
Score
0/25
Timer
05:00
0
Plays Today
Main Event
Event Number
% Correct
Anderson Silva vs. Patrick Cote
UFC 90
97%
Quinton Jackson vs. Dan Henderson
UFC 75
94.6%
Matt Hughes vs. Georges St. Pierre 2
UFC 65
94%
Chuck Liddell vs. Quinton Jackson
UFC 71
93.4%
Chuck Liddell vs. Rashad Evans
UFC 88
92.8%
Georges St. Pierre vs. B.J Penn 2
UFC 94
92.8%
Georges St. Pierre vs. Matt Serra 1
UFC 69
92.8%
BJ Penn vs. Sean Sherk
UFC 84
92.2%
Rashad Evans vs. Michael Bisping
UFC 78
92.2%
Chuck Liddell vs. Renato Sobral 2
UFC 62
92.2%
Matt Hughes vs. Thiago Alves
UFC 85
91.6%
Rich Franklin vs. Dan Henderson
UFC 93
91%
Tim Sylvia vs. Andrei Arlovski 2
UFC 61
90.4%
Main Event
Event Number
% Correct
Evan Tanner vs. Rich Franklin
UFC 53
90.4%
Rich Franklin vs. Nate Quarry
UFC 56
89.8%
Chuck Liddell vs. Tito Ortiz 1
UFC 47
88.6%
Matt Hughes vs. Frank Trigg 1
UFC 45
88.6%
Andrei Arlovski vs. Paul Buentello
UFC 55
88.6%
Tito Ortiz vs. Ken Shamrock 1
UFC 40
88%
Tito Ortiz vs. Vitor Belfort
UFC 51
88%
Chuck Liddell vs. Randy Couture 3
UFC 57
88%
Ken Shamrock vs. Kimo Leopoldo
UFC 48
87.3%
Vitor Belfort vs. Randy Couture 3
UFC 49
86.1%
Murilo Bustamante vs. Matt Lindland
UFC 37
85.5%
Randy Couture vs. Ricco Rodriguez
UFC 39
85.5%
Quiz Playlist
Details
Report
Send in Message
Add To Playlist
Classic:
Type in answers that appear in a list
Last Updated: Feb 16, 2017
Quiz Scoreboard
CHALLENGE
Sign Up to Join the Scoreboard
Show All
Scores
Hide
Comments
May contain spoilers
Recently Published
NBA Finals Game Top Scorers (2010s)
by flibbidy
Sports
5m
Guess the 'R' Things in 3 Words
by MSUKent
Miscellaneous
3m
Actor to Badly Drawn Movie III
by MoMosMoProblems
Movies
5m
More to Explore
Quiz From the Vault
Featured Blog Post
Where Does Lost Luggage Go?
hide this ad
You Might Also Like...
Tags
Numbers Quiz
Event
luck
MMA
UFC
Today's Top Quizzes in Sports
Browse Sports
hide this ad
Today's Top Quizzes in Numbers
Browse Numbers
Top Contributed Quizzes in Sports
1
Les joueurs à 100 buts en Ligue 1 Uber Eats
2
2022 World Cup Stars
3
2024 March Madness Bracket
4
Millionaire: NBA Finals Edition
5
Players with Multiple 50 Home Run Seasons
6
Nickname Match: Athletes VI
7
Criteria MLB: Left Handed Sluggers
8
Iconic Moments in Football - Multiple Choice
9
NFL MVPs ordered
10
First NBA MVP by Team
Explore More
Trending Topics
NBA
Crossword
Disney
Marvel
Anime
Kpop
Harry Potter
Soccer
Puzzle
Pokémon
NFL
The Office
Country
WWE
Song
hide this ad
More By:
TKO1890
Quiz
Plays
Rating
Category
Featured
Created
Name the Unsuccesful UFC title challengers
383
2.00
Sports
Jul 4, 2010
UFC Main Events/Event #
166
1.00
Sports
Jan 13, 2010
Go to Creator's Profile
Score Distribution
Quiz Creator Spotlight
TKO1890
Follow
Send a Message
Quizzes Created
-
Created Quiz Play Count
-
More By This Creator
Popular Quizzes Today
1
Find the US States - No Outlines Minefield
2
Find the US States
3
The Countries of the World
4
10 Largest US States in Order
5
Find the Countries of Europe - No Outlines Minefield
6
US States
7
Guess the 'R' Things in 3 Words
8
NBA Finals Game Top Scorers (2010s)
More Sports Quizzes
MLB: Greatest Designated Hitters by Decade, 1973-2021
Curator's Pick
Trending Quizzes
First Name TV: Leading Men
Match the Book to the Film II
First Name TV: Leading Women Drama
3-Word Movies in 1 Word II
Match the Book to the Film VI
Recently Updated
Women's Final Four Teams by Year
bhenderson79
Presidents Quartet II
eogle
Anything But Clue(do)
eogle
Anything But Oceanian Capitals
eogle
Anything But 7
eogle
Anything But Thing
eogle
Word Ladder: February 29
pecheneg
Song Title Questions
pecheneg
Women's NCAA Tournament #1 Seeds
pecheneg
Celebrity Mug Shots
pecheneg
Trending Topics
NBA
Harry Potter
Crossword
Disney
Kpop
Anime
Marvel
Soccer
Song
Puzzle
Pokémon
WWE
NFL
Country
The Office
Your Account Isn't Verified!
In order to create a playlist on Sporcle, you need to verify the email address you used during registration. Go to your
Sporcle Settings
to finish the process.
Report this User
Report this user for behavior that violates our
Community Guidelines
.
Details:
Send Report
Go to the Sporcle.com Mobile Site →
Comments